|
|
|
|
| LEADER |
00000nam a2200000 a 4500 |
| 001 |
vtls001258847 |
| 003 |
SK-MaSNL |
| 005 |
20260413122728.0 |
| 008 |
250414s1990 xo a 0000 slo |
| 020 |
|
|
|a 8005007248
|q (brož.)
|
| 035 |
|
|
|a SNK000209684
|
| 040 |
|
|
|a SNK
|b slo
|c SNK
|e AACR2
|
| 041 |
0 |
|
|a slo
|
| 044 |
|
|
|a xo
|c SK
|
| 080 |
|
|
|a 656.11:351.811.122(083.133)
|2 1981
|
| 080 |
|
|
|a 351.811.122(083.133)
|2 1981
|
| 080 |
|
|
|a 351.811.122
|2 1981
|
| 100 |
1 |
|
|a Bušta, Pavel
|4 aut
|9 514043
|
| 245 |
1 |
0 |
|a Nové pravidlá cestnej premávky
|b Komentovaná vyhláška č. 99/1989 Zb
|c Pavel Bušta, František Fobl, Antonín Seidl ; Bruno Musil ; preložili Anna Flochová, Jozef Šipoš
|
| 250 |
|
|
|a 1., vyd.
|
| 260 |
|
|
|a Bratislava
|b Alfa
|c 1990
|e Nitra
|f Nitrianske tlačiarne
|
| 300 |
|
|
|a 378 s.
|b ilustr., tab.
|c 20,5x14,5 cm
|
| 490 |
0 |
|
|a Dopravná literatúra
|
| 500 |
|
|
|a Smernica. Kres. Zn. dopr.
|
| 500 |
|
|
|a Návrh na väzbu Bruno Musil.
|
| 650 |
0 |
7 |
|a cestná premávka
|2 SNKPH
|9 31852
|
| 650 |
0 |
7 |
|a vyhláška č. 99/1989 Zb.
|2 SNKPH
|9 630515
|
| 650 |
0 |
7 |
|a pravidlá cestnej premávky
|2 SNKPH
|9 67981
|
| 655 |
|
7 |
|a smernice
|2 SNK
|9 26899
|
| 700 |
1 |
|
|a Fobl, František
|4 aut
|9 235762
|
| 700 |
1 |
|
|a Seidl, Antonín
|4 aut
|9 514044
|
| 700 |
1 |
|
|a Musil, Bruno
|4 oth
|9 45942
|
| 700 |
1 |
|
|a Flochová, Anna,
|d 1933-
|4 trl
|9 37391
|
| 700 |
1 |
|
|a Šipoš, Jozef
|4 trl
|9 479417
|
| 852 |
|
|
|a Slovenská národná knižnica
|
| 919 |
|
|
|a 80-05-00724-8
|
| 954 |
|
|
|a premávka cestná
|a pravidlá cestnej premávky
|a Vyhláška č. 99/1989 Zb.
|a Federálne ministerstvo vnútra ČSFR, Praha
|
| 958 |
|
|
|a OND
|
| 999 |
|
|
|c 970145
|d 972075
|
| 952 |
|
|
|t P60, <03>, [BOOK], {603}
|a SNK
|b SNK
|y PREZ
|7 0
|p 17A0056794
|o snkSC 79043
|0 0
|1 0
|4 0
|d 1997-03-24
|l 0
|r 2005-01-01 00:00:00
|w 2026-02-24
|
| 952 |
|
|
|t P60, <04>, [BOOK], {604}
|a SNK
|b SNK
|y VYP
|7 0
|p 17A0337280
|o snkSC 79043 D1
|i snkKSP 2061/91
|0 0
|1 0
|4 0
|d 2002-03-12
|l 0
|r 2005-01-01 00:00:00
|w 2026-02-24
|